000 00702nam a2200265Ia 4500
003 OSt
005 20221007095020.0
006 a|||||r|||| 00| 0
007 ta
008 221006b |||||||| |||| 00| 0 eng d
024 _a644
037 _cTextual
040 _aLCO
_cLCO
_beng
041 _2eng
_aeng
082 _aZ2,7,11qN08, N6
100 _aSaha A.N.
_9246610
245 0 _aCode of Civil Procedure.2V
250 _a5th
260 _aAllahabad
_bPremier Publishing Company India
_c1996
300 _a2421
490 _vVol.- 11
650 _aCIVIL PROCEDURE CODE
_9681597
942 _hZ2,7,11qN08, N6
_cTEXL
999 _c1170207
_d1170207